Countries with KFC - Statistics

General Stats
  • This quiz has been taken 1,388 times
  • The average score is 90 of 137
Answers on the Map
Answers color-coded by a green-red scale on the quiz's map according to % correct below.
 
Answer Stats
Answer % Correct
United States
97%
Canada
95%
United Kingdom
93%
Mexico
92%
Brazil
90%
China
90%
France
90%
Germany
88%
Spain
88%
India
87%
Italy
87%
Japan
87%
Argentina
86%
Australia
86%
Ireland
86%
Chile
85%
Portugal
85%
Sweden
84%
Denmark
83%
Finland
83%
South Korea
82%
Turkey
82%
Colombia
81%
Egypt
81%
Peru
81%
Poland
81%
Ukraine
81%
Belgium
80%
Greece
80%
Iceland
80%
Netherlands
80%
Austria
79%
South Africa
79%
New Zealand
78%
Saudi Arabia
78%
Switzerland
78%
Bolivia
77%
Indonesia
76%
Paraguay
76%
Panama
75%
Romania
75%
Ecuador
74%
Pakistan
74%
Thailand
74%
Venezuela
74%
Croatia
73%
Hungary
73%
Iraq
73%
Morocco
73%
Vietnam
73%
Cuba
72%
Czech Republic
72%
Estonia
72%
Bulgaria
71%
Latvia
71%
Lithuania
71%
Serbia
71%
Slovakia
71%
United Arab Emirates
71%
Albania
70%
Oman
70%
Slovenia
70%
Dominican Republic
69%
Philippines
69%
Belarus
68%
Bosnia and Herzegovina
68%
Costa Rica
68%
Guatemala
68%
Honduras
68%
Israel
68%
Malaysia
68%
Nigeria
68%
Guyana
66%
Nepal
66%
Suriname
66%
Kazakhstan
65%
Kosovo
65%
North Macedonia
65%
Cambodia
64%
El Salvador
64%
Moldova
64%
Yemen
64%
Bangladesh
63%
Jordan
63%
Qatar
63%
Bahamas
62%
Jamaica
62%
Mongolia
62%
Montenegro
62%
Myanmar
62%
Luxembourg
61%
Tunisia
61%
Sri Lanka
60%
Libya
59%
Madagascar
59%
Georgia
58%
Kenya
58%
Armenia
57%
Azerbaijan
56%
Kuwait
56%
Lebanon
56%
Sudan
56%
Dominica
55%
Malta
55%
Taiwan
55%
Bahrain
54%
Cyprus
54%
Angola
53%
Singapore
53%
Tanzania
51%
Uzbekistan
51%
Namibia
50%
Botswana
49%
Ghana
49%
Mozambique
49%
Tajikistan
49%
Zambia
47%
Zimbabwe
47%
Barbados
46%
Kyrgyzstan
46%
Saint Kitts and Nevis
45%
Senegal
45%
Antigua and Barbuda
44%
Saint Lucia
44%
Trinidad and Tobago
44%
Saint Vincent and the Grenadines
43%
Maldives
40%
Grenada
39%
Uganda
39%
Lesotho
38%
Ivory Coast
37%
Malawi
36%
Brunei
34%
Eswatini
34%
Gabon
33%
Rwanda
33%
Mauritius
31%
No matching quizzes found
Score Distribution
Percent of People with Each Score
Percentile by Number Answered
Your Score History
You have not taken this quiz